00852cam a22002294a 4500008004100000010001600041020002700057040001800084043001200102050002200114082001500136100002000151245004800171260003500219300005100254440002200305504005900327520009800386651005400484651005600538651002800594981123s2000 mnuab c b 001 0 eng  a 98054083 a0822535637 (lib. bdg.) aDLCcDLCdDLC aa-cc-ti00aDS786b.K578 200000a951/.52211 aKizilos, Peter.00aTibet :bdisputed land /cby Peter Kizilos. aMinneapolis :bLerner,cc2000. a80 p. :bill. (some col.), col. maps ;c23 cm. 0aWorld in conflict aIncludes bibliographical references (p. 77) and index. aExamines the history of the ethnic conflict in Tibet and its continuing effect on the people. 0aTibet (China)xCivilizationvJuvenile literature. 0aTibet (China)xHistoryy1951-vJuvenile literature. 1aTibet (China)xHistory.